| 000 | 01625cam a22004934i 4500 | ||
|---|---|---|---|
| 003 | PE-LiUPU | ||
| 005 | 20250917120101.0 | ||
| 008 | 150617s r 000 0 d | ||
| 035 | _a(Sirsi) a13676 | ||
| 040 |
_aPE-LiUPU _bspa _cPE-LiUPU _erda |
||
| 049 | _aPRUA | ||
| 082 | 0 | 4 |
_a230.046 _bO35c _221 |
| 100 |
_aOgletree, Thomas W., _eautor. _96830 |
||
| 245 | 1 | 0 |
_aControversia sobre "La muerte de Dios" : _bSintesis y valoracion de la obra de Thomas J.J. Altizer, William Hamilton y Paul Van Buren / _cThomas W. Ogletree. |
| 264 | 1 |
_aBarcelona : _bKairós, _c1968. |
|
| 300 |
_a127 páginas ; _c21 cm |
||
| 336 |
_atext _2rdacontent |
||
| 337 |
_aunmediated _2rdamedia |
||
| 338 |
_avolume _2rdacarrier |
||
| 504 | _aIncluye bibliografía. | ||
| 505 | 0 | _aEncuadernamiento de la teología radical. -Fragmentos teológicos. -El problema del significado. -Ateísmo cristiano. | |
| 526 | _aSEG42 | ||
| 526 | _aSEG41 | ||
| 526 | _aSEG40 | ||
| 526 | _aSEG39 | ||
| 526 | _aP94 | ||
| 526 | _aP87 | ||
| 526 | _aP86 | ||
| 526 | _aP85 | ||
| 526 | _aP77 | ||
| 526 | _aP76 | ||
| 526 | _aP35 | ||
| 600 | 0 |
_aAltizer, Thomas J. J. _xCrítica e interpretación. _96834 |
|
| 600 | 0 |
_aHamilton, William _xCrítica e interpretación. _96835 |
|
| 600 | 0 |
_aVan Buren, Paul _xCrítica e interpretación. _96836 |
|
| 650 | 1 | 4 |
_aDios _xMuerte _xControversias religiosas. _96831 |
| 650 | 1 | 0 |
_aTeología radical _ySiglo XX. _96832 |
| 650 | 2 | 4 |
_aAteísmo cristiano. _96833 |
| 910 | _ajck | ||
| 942 |
_2ddc _cBK |
||
| 980 |
_818226 _gJaime Vilcazán Jefe de Análisis Documental |
||
| 999 |
_c4069 | 2 _d4069 |
||